| 000 | 00869nam a2200229 a 4500 | ||
|---|---|---|---|
| 999 |
_c11260 _d11260 |
||
| 001 | 11260 | ||
| 003 | BD-JhCC | ||
| 005 | 20220626134022.0 | ||
| 008 | 190619s 2016bg |||| ||a| 000 0 ben d | ||
| 020 | _a9789841107710 | ||
| 035 | _a(BD-JhCC)11260 | ||
| 040 |
_aBD-JhCC _dBD-JhCC |
||
| 041 | _aben | ||
| 082 |
_a891.443 _bPAR 2016 |
||
| 100 | _aপারভেজ, সৈয়দ মাজহারুল | ||
| 245 |
_aহৃদয়ছোঁয়া তিনটি প্রেমের উপন্যাস : _bভালোবাসার তিন দিক / _cসৈয়দ মাজহারুল পারভেজ । |
||
| 260 |
_aঢাকা: _bআহমদ পাবলিশিং হাউজ; _c২০১৬. |
||
| 300 |
_a২৭০ পৃ . : _c ২২ সেমি. |
||
| 650 | _aNovel | ||
| 942 |
_2ddc _cBK _012 |
||